[Event "12th American Continental"]
[Site "Medellin COL"]
[Date "2017.06.11"]
[Round "3.73"]
[White "Lopez Ramirez, Jorge Hernan"]
[Black "Leon, Orlando"]
[Result "0-1"]
[WhiteElo "1963"]
[BlackElo "2167"]
[EventDate "2017.06.10"]
[PlyCount "94"]

1.d4 d5 2.Nf3 Nf6 3.Bf4 c5 4.c3 Nc6 5.e3 Qb6 6.Qb3 c4 7.Qc2 Bf5 8.Qc1 e6 
9.Nh4 Be4 10.f3 Bxb1 11.Rxb1 h6 12.Be5 Nxe5 13.dxe5 Nd7 14.b3 Be7 15.bxc4 
Bxh4+ 16.g3 Qc6 17.cxd5 Qxd5 18.e4 Qxe5 19.gxh4 Nc5 20.Bb5+ Ke7 21.Qe3 
Rhd8 22.O-O b6 23.Rfd1 Qf6 24.Rd4 Qxh4 25.Rbd1 Qg5+ 26.Qxg5+ hxg5 27.Kf2 
e5 28.Rd5 f6 29.R1d2 g4 30.Bc6 Rxd5 31.exd5 Rh8 32.Kg3 gxf3 33.d6+ Ke6 34.
Bxf3 Rd8 35.c4 Rxd6 36.Bd5+ Ke7 37.Rg2 f5 38.Kh4 g6 39.Rg1 Kf6 40.Rg3 Na4 
41.Rg1 e4 42.Kg3 g5 43.h4 gxh4+ 44.Kxh4 Ke5 45.Kg5 Nc5 46.Rh1 Ne6+ 47.Kh4 
Nf4 0-1

[Event "12th American Continental"]
[Site "Medellin COL"]
[Date "2017.06.11"]
[Round "3.74"]
[White "Restrepo Loaiza, Luis Fernando"]
[Black "Moccero, Eduardo"]
[Result "1/2-1/2"]
[WhiteElo "2167"]
[BlackElo "1953"]
[EventDate "2017.06.10"]
[PlyCount "53"]

1.e4 d5 2.exd5 Qxd5 3.Nc3 Qa5 4.Bb5+ c6 5.Be2 Nf6 6.Nf3 Bf5 7.O-O e6 8.Nh4
Bg6 9.Bf3 Nbd7 10.d4 Bd6 11.Re1 O-O-O 12.Be3 Nd5 13.Nxd5 exd5 14.Bg4 Kb8 
15.Nf5 Bxf5 16.Bxf5 Qc7 17.g3 h5 18.Kg2 Rde8 19.Qf3 g6 20.Bxd7 Qxd7 21.Bf4
Bxf4 22.Qxf4+ Kc8 23.Qf6 Rxe1 24.Rxe1 Re8 25.Re5 Kc7 26.h4 Rxe5 27.Qxe5+ 
1/2-1/2

[Event "12th American Continental"]
[Site "Medellin COL"]
[Date "2017.06.11"]
[Round "3.75"]
[White "Montilla Reyes, Jorcerys"]
[Black "Robledo Legarda, Andres Mauricio"]
[Result "1-0"]
[WhiteElo "2161"]
[BlackElo "1942"]
[EventDate "2017.06.10"]
[PlyCount "64"]

1.d4 Nf6 2.c4 e6 3.Nc3 Bb4 4.e3 Bxc3+ 5.bxc3 d5 6.Nf3 O-O 7.Be2 c5 8.O-O 
dxc4 9.Bxc4 Qc7 10.Qe2 Nc6 11.e4 e5 12.d5 Na5 13.Bd3 c4 14.Bc2 b5 15.Ba3 
Re8 16.Bb4 Nb7 17.a4 a5 18.axb5 Bd7 19.Ba3 Bxb5 20.Rfb1 Qd7 21.Rb2 Ba6 22.
Rab1 Nd6 23.Qe3 Bc8 24.Rb6 Nb7 25.Nd2 Ng4 26.Qe2 f5 27.exf5 Nf6 28.Qxc4 
Qxd5 29.Qxd5+ Nxd5 30.Bb3 Rd8 31.Rb5 Bxf5 32.Rxd5 Kh8 1-0

[Event "12th American Continental"]
[Site "Medellin COL"]
[Date "2017.06.11"]
[Round "3.76"]
[White "Castaneda Arregoces, Jorge Luis"]
[Black "Zambrano Acebo, Junior"]
[Result "1/2-1/2"]
[WhiteElo "2155"]
[BlackElo "1933"]
[EventDate "2017.06.10"]
[PlyCount "82"]

1.d4 Nf6 2.Bf4 e6 3.e3 c5 4.Nd2 cxd4 5.exd4 b6 6.Ngf3 Bb7 7.Bd3 Be7 8.h3 
O-O 9.O-O d6 10.c3 Nbd7 11.Qe2 Qc7 12.Rfe1 Rfe8 13.a4 a6 14.Bg3 Bf8 15.Nc4
Bc6 16.Ne3 Qb7 17.Nd2 b5 18.Nb3 Be4 19.axb5 Bxd3 20.Qxd3 axb5 21.Nd2 d5 
22.b4 Qc6 23.Nb3 Ne4 24.Nc5 Nxg3 25.fxg3 Nb6 26.Ng4 Nc4 27.Rxa8 Rxa8 28.
Ne5 Qc7 29.Nxc4 dxc4 30.Qf3 Bd6 31.Kh2 Ra2 32.Rf1 Rd2 33.Nxe6 fxe6 34.Qe3 
Bxg3+ 35.Kg1 Bf2+ 36.Rxf2 Rd1+ 37.Rf1 Rxf1+ 38.Kxf1 Qf7+ 39.Kg1 Qf5 40.Kh2
Kf7 41.Qg3 e5 1/2-1/2

[Event "12th American Continental"]
[Site "Medellin COL"]
[Date "2017.06.11"]
[Round "3.78"]
[White "Valle Pinto, Efrain"]
[Black "Gamboa Alvarado, Olga Leticia"]
[Result "1-0"]
[WhiteElo "2155"]
[BlackElo "1925"]
[EventDate "2017.06.10"]
[PlyCount "100"]

1.e4 e6 2.d4 d5 3.Nd2 c5 4.exd5 exd5 5.dxc5 Bxc5 6.Ngf3 Nc6 7.Bd3 Nf6 8.
Qe2+ Qe7 9.Qxe7+ Kxe7 10.Nb3 Bb6 11.O-O Re8 12.Bg5 h6 13.Rfe1+ Kf8 14.Bxf6
Rxe1+ 15.Rxe1 gxf6 16.h3 Be6 17.a3 Kg7 18.c3 f5 19.Nbd4 Kf6 20.Kf1 Rc8 21.
Ke2 Na5 22.Kf1 Nc4 23.Bxc4 dxc4 24.Nxe6 fxe6 25.Ne5 Rc7 26.f4 a6 27.Rd1 
Be3 28.g3 Rg7 29.Rd7 Rxd7 30.Nxd7+ Ke7 31.Ne5 b5 32.a4 Bc1 33.axb5 axb5 
34.Ke2 Bxb2 35.Kd2 Ba3 36.Ke3 Bc5+ 37.Ke2 Kd6 38.Nf7+ Kd5 39.Nxh6 b4 40.
cxb4 Bxb4 41.Ke3 Bc5+ 42.Ke2 Bg1 43.Nf7 Bd4 44.h4 Kc5 45.Kd2 Bf2 46.h5 
Bxg3 47.Ke3 c3 48.Ne5 Kd5 49.h6 Bh4 50.Nd7 c2 1-0

[Event "12th American Continental"]
[Site "Medellin COL"]
[Date "2017.06.11"]
[Round "3.79"]
[White "Martinez Romero, Mauricio"]
[Black "Oussedik, Elias"]
[Result "0-1"]
[WhiteElo "1931"]
[BlackElo "2155"]
[EventDate "2017.06.10"]
[PlyCount "57"]

1.e4 Nf6 2.Nc3 d5 3.e5 Nfd7 4.Nxd5 Nxe5 5.Ne3 c5 6.Nf3 Nbc6 7.Nxe5 Nxe5 8.
Bb5+ Nd7 9.O-O a6 10.Bc4 e6 11.a4 Bd6 12.Be2 Ne5 13.d3 Qe7 14.g3 b6 15.Nc4
Nxc4 16.dxc4 Bb7 17.Bf3 Rd8 18.Qe2 a5 19.Re1 O-O 20.b3 Bc8 21.Bb2 Rd7 22.
Rad1 Rfd8 23.Rd3 Bc7 24.Red1 Rxd3 25.Rxd3 Rxd3 26.cxd3 f5 27.Be5 Bd6 28.
Qe3 Bd7 29.Bg2 {illegible} 0-1

[Event "12th American Continental"]
[Site "Medellin COL"]
[Date "2017.06.11"]
[Round "3.81"]
[White "Garcia Alarcon, Alvaro"]
[Black "Holliman, Bob"]
[Result "1-0"]
[WhiteElo "2152"]
[BlackElo "1898"]
[EventDate "2017.06.10"]
[PlyCount "95"]

1.d4 d5 2.c4 c6 3.Nc3 Nf6 4.cxd5 cxd5 5.Bf4 Nc6 6.e3 Bf5 7.Bb5 e6 8.Nf3 
Nd7 9.O-O Be7 10.Qa4 Qb6 11.Rac1 O-O 12.a3 Rfc8 13.Nd1 a6 14.Be2 Qd8 15.b4
b5 16.Qb3 Nb6 17.Nb2 Bd6 18.Bxd6 Qxd6 19.Rc5 Nc4 20.h3 h6 21.a4 Rcb8 22.a5
Rc8 23.Rd1 Ne7 24.Nd3 Nc6 25.Qc3 Nd8 26.Rxc8 Rxc8 27.Nc5 Ra8 28.Bxc4 bxc4 
29.Ne5 f6 30.Ned7 Ra7 31.Nb6 Qc7 32.g4 Bg6 33.Kg2 Be8 34.f3 Bb5 35.e4 Qf7 
36.exd5 exd5 37.Re1 Nc6 38.Nc8 Rc7 39.Nd6 Qg6 40.Nf5 Qf7 41.h4 h5 42.Kg3 
Rc8 43.Qd2 Rd8 44.Ne6 hxg4 45.Nxd8 Qc7+ 46.Qf4 Qxd8 47.Qxg4 Qf8 48.Qg6 1-0

[Event "12th American Continental"]
[Site "Medellin COL"]
[Date "2017.06.11"]
[Round "3.82"]
[White "Rodriguez Arrieta, Maria Elena"]
[Black "Montenegro Mancera, Juan Rolando"]
[Result "0-1"]
[WhiteElo "1926"]
[BlackElo "2146"]
[EventDate "2017.06.10"]
[PlyCount "76"]

1.e4 e6 2.d4 d5 3.Nd2 Nf6 4.e5 Nfd7 5.Bd3 c5 6.c3 Nc6 7.Ne2 a5 8.O-O a4 9.
a3 cxd4 10.cxd4 Nb6 11.Bb5 Bd7 12.Bd3 Na5 13.Nc3 Bc6 14.Bc2 Qd7 15.f4 g6 
16.g4 h5 17.f5 gxf5 18.gxf5 O-O-O 19.Kh1 Kb8 20.Nf3 Nac4 21.Qe2 Be7 22.f6 
Bf8 23.Rg1 Rc8 24.Bd3 Na5 25.Bf4 Nb3 26.Raf1 Nc4 27.Rg2 Qc7 28.Qf2 Qa5 29.
Nd1 Bb5 30.Ng5 Rc7 31.Nc3 Nxa3 32.Nxb5 Nxb5 33.Nh7 N5xd4 34.Nxf8 Rxf8 35.
Qh4 Rfc8 36.Qxh5 Nc1 37.Bb1 Qb5 38.Rfg1 Nce2 0-1

[Event "12th American Continental"]
[Site "Medellin COL"]
[Date "2017.06.11"]
[Round "3.83"]
[White "Martinez Murcia, John Alexander"]
[Black "Benitez Rodriguez, Carlos"]
[Result "0-1"]
[WhiteElo "1912"]
[BlackElo "2144"]
[EventDate "2017.06.10"]
[PlyCount "72"]

1.Nf3 Nf6 2.g3 d6 3.Bg2 Nbd7 4.O-O g6 5.c4 Bg7 6.Nc3 O-O 7.b3 a5 8.Bb2 e5 
9.d4 e4 10.Ne1 Re8 11.Nc2 c6 12.Ne3 Nb6 13.d5 cxd5 14.Ncxd5 Nfxd5 15.Bxg7 
Nxe3 16.fxe3 Kxg7 17.Qd4+ Re5 18.Bxe4 Qc7 19.Bf3 Qc5 20.Rad1 Qxd4 21.Rxd4 
Rxe3 22.Rxd6 Re6 23.Rd8 a4 24.c5 axb3 25.cxb6 bxa2 26.Ra1 Rxb6 27.Be4 Kf6 
28.Kf2 Ke7 29.Rh8 Rb2 30.Bd5 Rxe2+ 31.Kxe2 Bg4+ 32.Ke3 Rxh8 33.Rxa2 Be6 
34.Ke4 Rd8 35.Bxe6 Kxe6 36.Rb2 f5+ 0-1

[Event "12th American Continental"]
[Site "Medellin COL"]
[Date "2017.06.11"]
[Round "3.84"]
[White "Mateus Urbano, Martha"]
[Black "Parmet, Daniel Edward"]
[Result "1-0"]
[WhiteElo "2138"]
[BlackElo "1870"]
[EventDate "2017.06.10"]
[PlyCount "51"]

1.e4 e5 2.Nf3 Nc6 3.Bb5 Nf6 4.Qe2 d6 5.c3 Be7 6.h3 O-O 7.O-O Ne8 8.d4 exd4
9.cxd4 a6 10.Ba4 f5 11.e5 dxe5 12.dxe5 Be6 13.Rd1 Qc8 14.Bxc6 bxc6 15.Nd4 
Bd5 16.Nxc6 Bxc6 17.Qc4+ Kh8 18.Qxc6 Rb8 19.Nc3 Rb6 20.Qd7 Qxd7 21.Rxd7 
Re6 22.Nd5 Bc5 23.b4 Bd4 24.Nf4 Bxa1 25.Nxe6 Rg8 26.f4 1-0

[Event "12th American Continental"]
[Site "Medellin COL"]
[Date "2017.06.11"]
[Round "3.85"]
[White "Moran Reyes, Paulo"]
[Black "Morera Campos, Hazel Maria"]
[Result "1/2-1/2"]
[WhiteElo "2129"]
[BlackElo "1859"]
[EventDate "2017.06.10"]
[PlyCount "86"]

1.e4 c6 2.d3 d5 3.Nd2 Nd7 4.Ngf3 e5 5.g3 Ngf6 6.Bg2 Bd6 7.O-O O-O 8.Re1 
Re8 9.c3 dxe4 10.dxe4 Qe7 11.Nc4 Bc7 12.Qc2 b5 13.Ne3 g6 14.a4 Bb7 15.Nd2 
a6 16.b3 Bb6 17.Ba3 Bc5 18.b4 Bd6 19.Rab1 Nf8 20.c4 Ne6 21.c5 Bc7 22.a5 
Nd4 23.Qc1 Rad8 24.Nc2 Bc8 25.Bb2 Nxc2 26.Qxc2 Bg4 27.f3 Be6 28.Rbd1 Rd7 
29.Nf1 Red8 30.Ne3 Rxd1 31.Rxd1 Rxd1+ 32.Qxd1 Qd7 33.Kf2 Qxd1 34.Nxd1 Nd7 
35.Ke3 f6 36.Nf2 Kf7 37.h4 h5 38.Nd3 Nf8 39.f4 Nd7 40.Bf3 Ke7 41.Nc1 Nf8 
42.Ne2 Bg4 43.Bxg4 hxg4 1/2-1/2

[Event "12th American Continental"]
[Site "Medellin COL"]
[Date "2017.06.11"]
[Round "3.86"]
[White "Pereira Vera, Henry Alberto"]
[Black "Noboa Silva, Kevin"]
[Result "0-1"]
[WhiteElo "1884"]
[BlackElo "2129"]
[EventDate "2017.06.10"]
[PlyCount "48"]

1.b3 d6 2.Bb2 Nd7 3.e4 Ngf6 4.Nc3 g6 5.h4 Bg7 6.h5 Nxh5 7.d4 e5 8.Bc4 exd4
9.Nb5 Ne5 10.Bxd4 Qe7 11.Rxh5 gxh5 12.f4 a6 13.Nc3 Qh4+ 14.Bf2 Qxf4 15.
Nge2 Qg4 16.Nd5 O-O 17.Bd4 Qxg2 18.Bxe5 Bxe5 19.Rb1 Bg4 20.Bd3 c6 21.Ne7+ 
Kh8 22.Kd2 Bxe2 23.Qxe2 Qg5+ 24.Kd1 Qxe7 0-1

[Event "12th American Continental"]
[Site "Medellin COL"]
[Date "2017.06.11"]
[Round "3.87"]
[White "Chang, Suzana"]
[Black "Cardoso Cardoso, Jaidy Marcela"]
[Result "1/2-1/2"]
[WhiteElo "2127"]
[BlackElo "1711"]
[EventDate "2017.06.10"]
[PlyCount "82"]

1.e4 c5 2.Nf3 Nc6 3.Bb5 g6 4.O-O Bg7 5.c3 a6 6.Bxc6 dxc6 7.d3 Nf6 8.h3 Qc7
9.Qe2 e5 10.Be3 b6 11.Nbd2 O-O 12.a3 Re8 13.b4 cxb4 14.axb4 Nh5 15.Nc4 Nf4
16.Qc2 Rb8 17.Bxf4 exf4 18.e5 Re7 19.d4 f6 20.Rfe1 Be6 21.Qe2 Bd5 22.Rxa6 
Bxf3 23.Qxf3 fxe5 24.Nxe5 Bxe5 25.dxe5 Rxe5 26.Rxe5 Qxe5 27.Qxc6 Qe1+ 28.
Kh2 Qxf2 29.Qe6+ Kg7 30.Qe7+ Kh6 31.Ra7 Rh8 32.Qg7+ Kh5 33.Qe5+ g5 34.Re7 
f3 35.Qg3 Qxg3+ 36.Kxg3 fxg2 37.Kxg2 b5 38.Rb7 Re8 39.Rxh7+ Kg6 40.Rb7 Re3
41.Rxb5 Rxc3 1/2-1/2

[Event "12th American Continental"]
[Site "Medellin COL"]
[Date "2017.06.11"]
[Round "3.88"]
[White "Florez Castro, Estiven"]
[Black "Gonzalez Lopez, Nicolas Mateo"]
[Result "0-1"]
[WhiteElo "1820"]
[BlackElo "2127"]
[EventDate "2017.06.10"]
[PlyCount "100"]

1.d4 d5 2.c4 c6 3.Nf3 Nf6 4.Nc3 e6 5.e3 Nbd7 6.Bd3 dxc4 7.Bxc4 b5 8.Bd3 a6
9.O-O c5 10.a3 Bb7 11.Qe2 Be7 12.Bc2 cxd4 13.exd4 O-O 14.Bg5 Rc8 15.Bb3 
Nb6 16.Rfe1 Nbd5 17.Nxd5 Nxd5 18.Bxe7 Qxe7 19.Rac1 Nf4 20.Qe3 Qf6 21.Rcd1 
Rfd8 22.Rd2 Nxg2 23.Kxg2 Bxf3+ 24.Kg3 Bd5 25.Bxd5 Rxd5 26.f4 Qg6+ 27.Kf2 
Qh6 28.Kg1 Rcd8 29.Rc1 Qf6 30.Rcd1 R8d6 31.Rd3 g6 32.Qf2 Kg7 33.R3d2 Rf5 
34.Rf1 Rfd5 35.Rfd1 Qd8 36.Kg2 Qa8 37.Kg1 Qc6 38.Rc2 Qb6 39.Rcd2 a5 40.b3 
Rd7 41.Qe1 Qd6 42.Rf2 Qxa3 43.f5 exf5 44.Rd3 Qb4 45.Rfd2 f6 46.Qf2 a4 47.
bxa4 bxa4 48.h4 a3 49.h5 a2 50.Rxa2 Qb1+ 0-1

[Event "12th American Continental"]
[Site "Medellin COL"]
[Date "2017.06.11"]
[Round "3.89"]
[White "Puppi Lazo, Jorge Luis"]
[Black "Ramos Arboleda, Dellys Carolina"]
[Result "1-0"]
[WhiteElo "2120"]
[BlackElo "1664"]
[EventDate "2017.06.10"]
[PlyCount "51"]

1.d4 c5 2.d5 d6 3.Nc3 g6 4.e4 Bg7 5.f4 Nf6 6.Bb5+ Bd7 7.e5 dxe5 8.fxe5 Ng8
9.Qe2 a6 10.Bxd7+ Nxd7 11.Bf4 Nh6 12.Nf3 O-O 13.O-O-O Qa5 14.Rhe1 b5 15.
Kb1 Nb6 16.Ne4 Rfc8 17.d6 exd6 18.Nxd6 Rd8 19.Bg5 Rd7 20.Bxh6 Bxh6 21.e6 
fxe6 22.Qxe6+ Kh8 23.Ne5 Rxd6 24.Qxd6 Na4 25.Rf1 Rc8 26.Nf7+ 1-0

[Event "12th American Continental"]
[Site "Medellin COL"]
[Date "2017.06.11"]
[Round "3.90"]
[White "Pardo Agudelo, Alejandro"]
[Black "Correa, Daniel"]
[Result "1-0"]
[WhiteElo "2117"]
[BlackElo "1595"]
[EventDate "2017.06.10"]
[PlyCount "87"]

1.d4 Nf6 2.Nf3 g6 3.c4 Bg7 4.Nc3 d6 5.e4 O-O 6.Be2 e5 7.O-O Nc6 8.d5 Ne7 
9.b4 Nh5 10.g3 f5 11.Ng5 Nf6 12.f3 Qe8 13.Be3 f4 14.Bf2 h6 15.Ne6 Bxe6 16.
dxe6 Nh7 17.Nd5 Qd8 18.c5 Ng5 19.Nxc7 Qxc7 20.cxd6 Nh3+ 21.Kg2 Nxf2 22.
Rxf2 Qd8 23.Bc4 Kh8 24.dxe7 Qxe7 25.a3 Rad8 26.Bd5 Rc8 27.Rc1 fxg3 28.hxg3
Rc6 29.Qe1 Rc7 30.Qe3 b6 31.b5 Rfc8 32.Rc6 Bf8 33.Rfc2 Rxc6 34.bxc6 Rc7 
35.Qc3 Qg7 36.a4 a5 37.Qc4 Bd6 38.Qa6 b5 39.Qa8+ Qf8 40.Qxf8+ Bxf8 41.Kf2 
Kg7 42.Ke2 Kf6 43.Kd3 Bb4 44.Rc4 1-0

[Event "12th American Continental"]
[Site "Medellin COL"]
[Date "2017.06.11"]
[Round "3.93"]
[White "Aponte Castillo, Ernesto"]
[Black "Henao Garcia, Estefania"]
[Result "1-0"]
[WhiteElo "2108"]
[BlackElo "1325"]
[EventDate "2017.06.10"]
[PlyCount "43"]

1.e4 e5 2.f4 d6 3.Nf3 Nd7 4.Bc4 Be7 5.O-O Ngf6 6.Nc3 O-O 7.d3 c6 8.Kh1 
exf4 9.Bxf4 Nb6 10.Bb3 h6 11.Qd2 Bg4 12.h3 Bxf3 13.Rxf3 Nh7 14.Raf1 d5 15.
exd5 cxd5 16.Qf2 Bf6 17.Nb5 Qd7 18.Nd4 Rfe8 19.Bxh6 Ng5 20.Rxf6 gxf6 21.
Qh4 Nh7 22.Nf5 1-0

[Event "12th American Continental"]
[Site "Medellin COL"]
[Date "2017.06.11"]
[Round "3.94"]
[White "Castano Ortiz, Eder"]
[Black "Serrato, Rafael Antonio"]
[Result "1-0"]
[WhiteElo "2029"]
[BlackElo "1836"]
[EventDate "2017.06.10"]
[PlyCount "45"]

1.d4 Nf6 2.Nf3 e6 3.Bf4 c5 4.e3 Nc6 5.c3 d5 6.Nbd2 Bd6 7.Ne5 a6 8.Bg3 Qe7 
9.Bd3 Bd7 10.f4 c4 11.Bc2 b5 12.O-O O-O 13.Bh4 Rfd8 14.Qf3 Qf8 15.Qh3 h6 
16.Bxf6 gxf6 17.Ng4 Qg7 18.Nxh6+ Kf8 19.Rf3 Ke7 20.Rg3 Qh8 21.Qh4 Rf8 22.
e4 Kd8 23.Nxf7+ 1-0

[Event "12th American Continental"]
[Site "Medellin COL"]
[Date "2017.06.11"]
[Round "3.95"]
[White "Zuniga Garcia, Eddy Andres"]
[Black "Patino Garcia, Corals"]
[Result "0-1"]
[WhiteElo "1879"]
[BlackElo "1967"]
[EventDate "2017.06.10"]
[PlyCount "114"]

1.d4 d5 2.Nf3 Nf6 3.Bg5 e6 4.Nbd2 c5 5.e3 Nc6 6.Bd3 Be7 7.c3 cxd4 8.exd4 
h6 9.Bf4 O-O 10.Ne5 Bd6 11.Qe2 a6 12.a4 Qc7 13.Bc2 Nxd4 14.cxd4 Qxc2 15.
O-O Qxb2 16.Nd3 Qb6 17.Rab1 Qc7 18.Rfc1 Qd8 19.Bxd6 Qxd6 20.a5 Nd7 21.Nc5 
Nxc5 22.Rxc5 Rb8 23.Rb6 Qf4 24.Qd3 Bd7 25.g3 Qg4 26.f3 Qh5 27.Rc7 Bc6 28.
Qb3 Ra8 29.Qe3 Qg6 30.Nb3 Qb1+ 31.Qc1 Qd3 32.Qf1 Qe3+ 33.Qf2 Qg5 34.Qd2 
Qxd2 35.Nxd2 Rac8 36.Rxc8 Rxc8 37.Nb3 Kf8 38.Nc5 Rc7 39.f4 Ke7 40.Kf2 Kd6 
41.Ke3 Re7 42.Nd3 Kc7 43.Kd2 Bb5 44.Nc5 Kc8 45.Kc3 Rc7 46.Kb4 h5 47.h4 Rc6
48.Rxc6+ Bxc6 49.Nb3 Kc7 50.Kc5 Ba4 51.Nd2 Bd1 52.Nf1 Be2 53.Ne3 Bd3 54.
Ng2 f6 55.Ne3 Bg6 56.f5 Bxf5 57.Nxf5 exf5 0-1

[Event "12th American Continental"]
[Site "Medellin COL"]
[Date "2017.06.11"]
[Round "3.96"]
[White "Borensztajn, David"]
[Black "Builes Palacio, Santiago"]
[Result "0-1"]
[WhiteElo "1950"]
[BlackElo "1756"]
[EventDate "2017.06.10"]
[PlyCount "92"]

1.d4 Nf6 2.Bf4 g6 3.Nc3 d5 4.Nf3 Bg7 5.e3 O-O 6.h4 c5 7.Ne5 cxd4 8.exd4 
Nc6 9.Qd2 Nh5 10.Nxc6 bxc6 11.Bh6 Qb6 12.Bxg7 Nxg7 13.h5 Qxb2 14.Rb1 Qa3 
15.Rb3 Qd6 16.hxg6 Qxg6 17.Rh6 Qg4 18.Ne2 Bf5 19.f3 Qg6 20.Rxg6 Bxg6 21.
Nf4 Rfe8 22.Nxg6 hxg6 23.g4 e5 24.dxe5 Rxe5+ 25.Re3 Rxe3+ 26.Qxe3 Re8 27.
Qxe8+ Nxe8 28.Kd2 Kf8 29.Kc3 Ke7 30.Kb4 Kd6 31.Ka5 Nc7 32.f4 c5 33.Be2 Kc6
34.Bf3 Kd6 35.Be2 d4 36.Bc4 Nd5 37.f5 gxf5 38.gxf5 f6 39.a3 Ne3 40.Bd3 c4 
41.Be2 Nxc2 42.Bxc4 Nxa3 43.Bd3 Kc5 44.Ka6 Nc4 45.Kxa7 Nb2 46.Be4 d3 0-1

[Event "12th American Continental"]
[Site "Medellin COL"]
[Date "2017.06.11"]
[Round "3.97"]
[White "Castillo Morales, Thais"]
[Black "Quishpe Vaca, Andres"]
[Result "0-1"]
[WhiteElo "1870"]
[BlackElo "1929"]
[EventDate "2017.06.10"]
[PlyCount "90"]

1.c4 f5 2.g3 Nf6 3.Bg2 g6 4.Nc3 Bg7 5.e4 fxe4 6.Nxe4 O-O 7.Ne2 e5 8.O-O 
Nc6 9.d4 Nxe4 10.Bxe4 Nxd4 11.Nxd4 exd4 12.Bf4 d6 13.Qd2 c6 14.Rad1 Be6 
15.Bd3 Qd7 16.b3 Rf7 17.f3 Raf8 18.Be2 c5 19.b4 b6 20.Rb1 Rxf4 21.gxf4 Bh6
22.Kh1 Bxf4 23.Qc2 Be3 24.Rb3 Bh3 25.Rd1 Qe7 26.Bf1 Bd7 27.Rb2 Rxf3 28.Bg2
Rf2 29.Bd5+ Kg7 30.Qxf2 Bxf2 31.Rxf2 Bf5 32.Rfd2 Be4+ 33.Bxe4 Qxe4+ 34.Kg1
Qe3+ 35.Kf1 Qc3 36.bxc5 Qxc4+ 37.Kf2 dxc5 38.Re1 d3 39.Red1 Qd4+ 40.Kf3 c4
41.a4 a6 42.h3 b5 43.axb5 axb5 44.Rb1 c3 45.Ra2 Qd5+ 0-1

[Event "12th American Continental"]
[Site "Medellin COL"]
[Date "2017.06.11"]
[Round "3.98"]
[White "Bedoya Rosales, Luis"]
[Black "Gomez Vasquez, Laura Sofia"]
[Result "1/2-1/2"]
[WhiteElo "1888"]
[BlackElo "1504"]
[EventDate "2017.06.10"]
[PlyCount "96"]

1.e4 c5 2.Nf3 Nc6 3.d4 cxd4 4.Nxd4 g6 5.c4 Bg7 6.Be3 Nf6 7.Nc3 O-O 8.Be2 
d6 9.O-O Ne5 10.f3 Bd7 11.Qd2 Rc8 12.b3 b6 13.Rac1 Nc6 14.Rfd1 Nxd4 15.
Bxd4 Bc6 16.Bf1 Nd7 17.Be3 Nc5 18.Nd5 Ne6 19.Qe1 Bxd5 20.Rxd5 Qd7 21.Qd1 
Qb7 22.b4 Nc7 23.Rd2 Na6 24.a3 Nb8 25.Rb1 Qc7 26.Rc1 Qb7 27.g3 Rfe8 28.Bh3
Rc7 29.Rdc2 Nd7 30.Bg2 Rec8 31.f4 Qa6 32.Qd3 Bh8 33.Qb3 Bg7 34.Kh1 Bh8 35.
Bf3 Bg7 36.Kg1 Bh8 37.Bh1 Bg7 38.h3 Bh8 39.Bf3 Bg7 40.Bg2 Bh8 41.a4 Bg7 
42.Qa2 Rd8 43.h4 h5 44.Rd1 Qc8 45.Qb3 Nf6 46.Qd3 Qa6 47.Qb3 Qc8 48.Qd3 Qa6
1/2-1/2

[Event "12th American Continental"]
[Site "Medellin COL"]
[Date "2017.06.11"]
[Round "3.99"]
[White "Cox, Douglas"]
[Black "Remicio Duque, John"]
[Result "0-1"]
[WhiteElo "1795"]
[BlackElo "2110"]
[EventDate "2017.06.10"]
[PlyCount "44"]

1.e4 c5 2.Nf3 d6 3.d4 cxd4 4.Nxd4 Nf6 5.f3 g6 6.c4 Bg7 7.Nc3 O-O 8.Be3 Nc6
9.Qd2 Be6 10.Be2 Rc8 11.Rc1 Nxd4 12.Bxd4 Bxc4 13.O-O Qa5 14.Bxc4 Rxc4 15.
Be3 Rfc8 16.Qf2 Nd7 17.Nd5 Kf8 18.Rxc4 Rxc4 19.Qh4 Qxd5 20.b3 Rb4 21.a3 
Qxb3 22.axb4 Qxe3+ 0-1

[Event "12th American Continental"]
[Site "Medellin COL"]
[Date "2017.06.11"]
[Round "3.100"]
[White "Zapata Cuartas, Juan Carlos"]
[Black "Gutierrez Hernandez, Jorge Alejandro"]
[Result "1-0"]
[WhiteElo "2110"]
[BlackElo "1817"]
[EventDate "2017.06.10"]
[PlyCount "55"]

1.d4 f5 2.g3 Nf6 3.Bg2 e6 4.Nh3 d5 5.O-O Bd6 6.Nc3 c6 7.Bf4 O-O 8.a3 b6 9.
Re1 Kh8 10.Qd2 Ne4 11.Nxe4 fxe4 12.f3 Bxf4 13.Nxf4 g5 14.Nh5 exf3 15.exf3 
h6 16.Qe2 Qd6 17.f4 gxf4 18.Nxf4 Rxf4 19.gxf4 Qxf4 20.Qe5+ Qxe5 21.Rxe5 
Na6 22.Bh3 Nc7 23.Rf1 Kg7 24.Re3 Kg6 25.Rg3+ Kh5 26.Rf8 Nb5 27.Bg4+ Kh4 
28.Rg8 1-0

[Event "12th American Continental"]
[Site "Medellin COL"]
[Date "2017.06.11"]
[Round "3.102"]
[White "Alvarez Zuluaga, Alvaro"]
[Black "Rodriguez Cortes, Giovanni"]
[Result "1-0"]
[WhiteElo "2077"]
[BlackElo "1772"]
[EventDate "2017.06.10"]
[PlyCount "54"]

1.d4 Nf6 2.c4 g6 3.Nc3 d5 4.cxd5 Nxd5 5.e4 Nxc3 6.bxc3 Bg7 7.Bc4 c5 8.Ne2 
O-O 9.O-O Nc6 10.Be3 cxd4 11.cxd4 Bg4 12.f3 Na5 13.Bxf7+ Rxf7 14.fxg4 
Rxf1+ 15.Kxf1 Qd7 16.h3 Nc4 17.Qb3 b5 18.Kg1 Kh8 19.Bf2 Rf8 20.Rd1 a5 21.
a4 Nd6 22.axb5 Nxe4 23.Be3 Rb8 24.Rb1 Nd6 25.b6 a4 26.Qb4 Nc8 27.d5 Qxd5 
1-0

[Event "12th American Continental"]
[Site "Medellin COL"]
[Date "2017.06.11"]
[Round "3.103"]
[White "Prado, Hamilton Mesquita do"]
[Black "Renteria, Rolando"]
[Result "0-1"]
[WhiteElo "1765"]
[BlackElo "2077"]
[EventDate "2017.06.10"]
[PlyCount "106"]

1.d4 Nf6 2.Bf4 g6 3.Nc3 d5 4.Qd2 Bg7 5.Bh6 O-O 6.Bxg7 Kxg7 7.Nf3 Ne4 8.Qe3
f5 9.Nxe4 dxe4 10.Ne5 Be6 11.g3 Qd6 12.h4 c5 13.c3 cxd4 14.Qxd4 Qxd4 15.
cxd4 Rc8 16.Kd2 Nc6 17.Nxc6 Rxc6 18.Bg2 Rac8 19.Rac1 Rxc1 20.Rxc1 Rxc1 21.
Kxc1 Bxa2 22.e3 Kf6 23.Bf1 e5 24.dxe5+ Kxe5 25.Kd2 Bd5 26.Kc3 a5 27.Bb5 h6
28.Be8 g5 29.hxg5 hxg5 30.Bb5 Ba2 31.b4 b6 32.bxa5 bxa5 33.Kb2 Be6 34.Kc3 
Kd5 35.Bc4+ Kd6 36.Bb5 Bd7 37.Bc4 Kc5 38.Bf7 a4 39.Bh5 Be6 40.f3 a3 41.
fxe4 a2 42.Kb2 fxe4 43.Bg6 Bd5 44.Bh5 Kb4 45.Be2 a1=Q+ 46.Kxa1 Kc3 47.Bg4 
Kd2 48.Kb2 Kxe3 49.Kc3 Kf2 50.Kd4 Kxg3 51.Kxd5 Kxg4 52.Kxe4 Kh3 53.Kf3 g4+
0-1

[Event "12th American Continental"]
[Site "Medellin COL"]
[Date "2017.06.11"]
[Round "3.104"]
[White "Munoz Monroy, Cinthya Carolina"]
[Black "Serna Escobar, Gustavo Dario"]
[Result "1-0"]
[WhiteElo "2002"]
[BlackElo "1763"]
[EventDate "2017.06.10"]
[PlyCount "68"]

1.e4 c5 2.d4 cxd4 3.c3 d3 4.c4 d6 5.Nc3 Nc6 6.Bxd3 e6 7.Nf3 Be7 8.O-O Nf6 
9.Qe2 O-O 10.Rd1 Qc7 11.Bg5 g6 12.Rac1 Bd7 13.Nd5 Qd8 14.Nxe7+ Qxe7 15.c5 
e5 16.cxd6 Qd8 17.h3 h6 18.Bh4 Rc8 19.Bc4 Re8 20.Bd5 a5 21.Bg3 Nh5 22.Bh2 
Nf4 23.Bxf4 exf4 24.Qc4 Qf6 25.Qb3 Rb8 26.Kh2 Kg7 27.Qb6 Qd8 28.Qb3 Qf6 
29.Qa3 Kh7 30.Bxc6 Bxc6 31.d7 Re6 32.Rc5 Rd8 33.Qc3 Rxd7 34.Rxd7 Bxd7 1-0

[Event "12th American Continental"]
[Site "Medellin COL"]
[Date "2017.06.11"]
[Round "3.106"]
[White "Toro Castaneda, Elizabeth"]
[Black "Diaz, Brian"]
[Result "1-0"]
[WhiteElo "1953"]
[BlackElo "1751"]
[EventDate "2017.06.10"]
[PlyCount "61"]

1.e4 c5 2.Nf3 d6 3.d4 cxd4 4.Qxd4 Nc6 5.Bb5 e5 6.Qd3 Nf6 7.Nc3 Be7 8.Bg5 
h6 9.Bxf6 Bxf6 10.O-O a6 11.Ba4 Bg4 12.Rad1 Bxf3 13.Qxf3 Rb8 14.Qd3 Be7 
15.Nd5 b5 16.Bb3 Qd7 17.c3 Rd8 18.Ne3 g6 19.Rd2 O-O 20.f4 exf4 21.Rxf4 Bg5
22.Rf1 Ne5 23.Qd4 Ng4 24.Nxg4 Qxg4 25.Rdf2 Rd7 26.Kh1 h5 27.Qd5 Kh8 28.
Rxf7 Rdxf7 29.Rxf7 Re8 30.Qd4+ Re5 31.Qxd6 1-0

[Event "12th American Continental"]
[Site "Medellin COL"]
[Date "2017.06.11"]
[Round "3.108"]
[White "Garces, Javier"]
[Black "Figueroa Figueroa, Karen Julissa"]
[Result "1-0"]
[WhiteElo "1923"]
[BlackElo "1735"]
[EventDate "2017.06.10"]
[PlyCount "77"]

1.d4 d5 2.c4 e6 3.Nc3 Nf6 4.Nf3 Be7 5.cxd5 exd5 6.Bf4 c6 7.Rc1 O-O 8.e3 
Re8 9.Bd3 Nbd7 10.O-O Nf8 11.Ne5 Bd6 12.Bg3 Bxe5 13.Bxe5 Ng4 14.Bg3 Qg5 
15.e4 dxe4 16.Nxe4 Rxe4 17.Bxe4 Nf6 18.Rc5 Qg4 19.Qxg4 Bxg4 20.f3 Nxe4 21.
fxe4 Ne6 22.Rc2 Nxd4 23.Rd2 Ne2+ 24.Kf2 Nxg3 25.Kxg3 Be6 26.Rfd1 g6 27.
Rd8+ Rxd8 28.Rxd8+ Kg7 29.a3 Kf6 30.Kf4 g5+ 31.Ke3 b6 32.Ra8 a5 33.Ra6 b5 
34.Rxc6 b4 35.Ra6 bxa3 36.bxa3 Kg6 37.Rxa5 f5 38.exf5+ Bxf5 39.Rxf5 1-0